| 000 | 00415nam a22001697a 4500 | ||
|---|---|---|---|
| 003 | OSt | ||
| 005 | 20211011113528.0 | ||
| 008 | 211011b |||||||| |||| 00| 0 eng d | ||
| 020 | _a0471046906 | ||
| 040 | _cHU | ||
| 082 | _a332 | ||
| 100 |
_aEDWIN J. ELTON _910228 |
||
| 245 | _aMODERN PORTFOLIO THEORY AND INVESTEMENMT ANALAYSIS | ||
| 260 |
_aNEW YORK _bTORONTO _c1981 |
||
| 300 | _a554 | ||
| 942 |
_2ddc _cBOOKS _n0 |
||
| 999 |
_c11382 _d11382 |
||